[Event "Catalunya-chT"]
[Site "Spain"]
[Date "1993.??.??"]
[Round "2"]
[White "Mata Castro, JM."]
[Black "Mari Miguel, Daniel"]
[Result "1-0"]
[WhiteElo "2215"]
[BlackElo "2180"]
[PlyCount "67"]
[EventDate "1993.??.??"]
[EventType "team"]
[EventRounds "9"]
[EventCountry "ESP"]
[SourceTitle "EXT 2019"]
[Source "ChessBase"]
[SourceDate "2018.10.10"]
[SourceVersion "1"]
[SourceVersionDate "2018.10.10"]
[SourceQuality "1"]

1. Nf3 Nf6 2. g3 g6 3. Bg2 Bg7 4. 0-0 0-0 5. c4 d6 6. Nc3 c5 7. d4 Nc6 8. d5 Na5 9. Qd3 a6 10. e4 b5 11. cxb5 c4 12. Qc2 axb5 13. Nxb5 Qb6 14. Nbd4 Nb3 15. axb3 Rxa1 16. bxc4 Ng4 17. Nc6 Bd7 18. Nxe7+ Kh8 19. h3 Ba4 20. Qe2 Ne5 21. Be3 Rxf1+ 22. Bxf1 Nxf3+ 23. Qxf3 Qxb2 24. c5 Qe5 25. Bf4 Qxe7 26. Bxd6 Qd7 27. Bxf8 Bxf8 28. c6 Qc7 29. Qf6+ Bg7 30. d6 Qb8 31. Qe7 Bxc6 32. d7 Bxd7 33. Qxd7 Be5 34. Qxf7 1-0